Le mot politiquement correct 2 (click quiz) - Statistiques

Statistiques générales
  • Ce quiz a été pris 77 fois
  • Le résultat moyen est 6 sur 8
Statistiques - réponses
Hint Réponse % Correct
On trouve beaucoup de lunes sur les plages du Cap d'Agde. Dunes
90%
Malgré mon grand âge, je n'ai pas encore vu un fion rugir. Lion
87%
Il paraît que la sauce nouille, c'est drôlement bon ! Rouille
78%
Ces derniers temps, elle en voit souvent des canifs ! Manifs
76%
Elle est bien belle ta raie ! Maie
74%
As-tu déjà ciré ta banane ? Tatane
74%
Apparemment, c'est interdit de bourrer des pipes. Papes
72%
Vivement 10 manches ! Tanches
63%
Aucun quiz correspondant
Distribution des résultats
% des personnes avec chaque résultat
Percentile par nombre de réponses
Votre historique - résultats
Vous n’avez pas pris ce quiz